Un siglo de bibliografía en España (Record no. 19430)

MARC details
000 -LEADER
campo de control de longitud fija 00780nam a2200229 i 4500
001 - NÚMERO DE CONTROL
campo de control 19430
003 - IDENTIFICADOR DE NÚMERO DE CONTROL
campo de control ES-MaACL
005 - FECHA Y HORA DE LA ÚLTIMA TRANSACCIÓN
campo de control 20230906152108.0
007 - CAMPO FIJO DE DESCRIPCIÓN FÍSICA--INFORMACIÓN GENERAL
campo de control de longitud fija t|
008 - DATOS DE LONGITUD FIJA--INFORMACIÓN GENERAL
campo de control de longitud fija 020716s2001 sp ||||0| spa j
020 ## - NÚMERO INTERNACIONAL ESTÁNDAR DEL LIBRO
Número Internacional Estándar del Libro 84-7895-153-9
040 ## - FUENTE DE CATALOGACIÓN
Centro catalogador/agencia de origen M-BN
Lengua de catalogación spa
Centro/agencia transcriptor M-BN
080 ## - NÚMERO DE LA CLASIFICACIÓN DECIMAL UNIVERSAL
Número de la Clasificación Decimal Universal 929(460)"18/19":01
080 ## - NÚMERO DE LA CLASIFICACIÓN DECIMAL UNIVERSAL
Número de la Clasificación Decimal Universal 013:01(460)"18/19"
100 0# - ENTRADA PRINCIPAL--NOMBRE DE PERSONA
Nombre de persona Delgado Casado, Juan,
Fechas asociadas al nombre 1947-2022
9 (RLIN) 43444
245 13 - MENCIÓN DEL TÍTULO
Título Un siglo de bibliografía en España
Resto del título : los concursos bibliográficos de la Biblioteca Nacional (1857-1953) /
Mención de responsabilidad, etc. Juan Delgado Casado.
260 ## - PUBLICACIÓN, DISTRIBUCIÓN, ETC.
Lugar de publicación, distribución, etc. Madrid :
Nombre del editor, distribuidor, etc. Ollero y Ramos,
Fecha de publicación, distribución, etc. [2001]
300 ## - DESCRIPCIÓN FÍSICA
Extensión 2 v. ;
Dimensiones 24 cm.
650 14 - PUNTO DE ACCESO ADICIONAL DE MATERIA--TÉRMINO DE MATERIA
Término de materia o nombre geográfico como elemento de entrada Bibliógrafos-
Subdivisión geográfica España-
Subdivisión cronológica S.XIX-XX-
Subdivisión de forma Biobibliografías.
9 (RLIN) 10526
852 ## - LOCALIZACIÓN
Ubicación ES-MaACL
Número de control de estantería L-25862-63
Sublocalización o colección R.131122
Holdings
Estatus retirado Estado de pérdida Estado de daño No para préstamo Biblioteca de origen Biblioteca actual Ubicación en estantería Fecha de adquisición Fuente de adquisición Total de préstamos Signatura topográfica completa Código de barras Visto por última vez Precio de reemplazo Tipo de ítem Koha
        Biblioteca del Ateneo de Madrid Biblioteca del Ateneo de Madrid Depósito 2 17/01/2008     L-25862-63 1019880 23/02/2023 23/02/2023 Libro impreso